[Event "4NCL 2012-13"]
[Site "Hinckley ENG"]
[Date "2013.05.05"]
[Round "10.182"]
[White "Cooksey, Paul S"]
[Black "Ansell, Simon T"]
[Result "1-0"]
[WhiteTitle "FM"]
[BlackTitle "IM"]
[WhiteElo "2279"]
[BlackElo "2377"]
[WhiteTeam "BCM"]
[BlackTeam "Blackthorne Russia"]
[WhiteFideId "405051"]
[BlackFideId "402141"]
[EventDate "2012.11.03"]

1. d4 d6 2. c4 e5 3. Nf3 Nd7 4. Nc3 g6 5. g3 Bg7 6. Bg2 Ngf6 7. O-O O-O 8. e4
Re8 9. d5 Nc5 10. Ne1 a5 11. b3 c6 12. Nd3 cxd5 13. Nxc5 d4 14. N5a4 dxc3 15.
Nxc3 Bg4 16. Qd3 Bf8 17. Be3 Qb8 18. f4 Bc8 19. h3 Ra6 20. Rad1 exf4 21. Bd4 Bg7
22. gxf4 Bd7 23. Nb5 Bxb5 24. cxb5 Ra8 25. e5 Nh5 26. exd6 Qxd6 27. Bxg7 Qxd3
28. Rxd3 Kxg7 29. Bxb7 Rab8 30. Bc6 Re2 31. a4 Nf6 32. b4 axb4 33. a5 1-0

[Event "4NCL 2012-13"]
[Site "Hinckley ENG"]
[Date "2013.05.05"]
[Round "10.183"]
[White "Hunt, Harriet V"]
[Black "Wadsworth, Matthew J"]
[Result "1-0"]
[WhiteTitle "IM"]
[WhiteElo "2450"]
[BlackElo "2055"]
[WhiteTeam "Blackthorne Russia"]
[BlackTeam "BCM"]
[WhiteFideId "403512"]
[BlackFideId "415804"]
[EventDate "2012.11.03"]

1. e4 c6 2. d4 d5 3. e5 Bf5 4. Nf3 e6 5. Be2 Nd7 6. O-O Bg6 7. b3 Nh6 8. c4 Be7
9. Nc3 O-O 10. Bb2 f6 11. Re1 Re8 12. h3 a6 13. Bd3 Bxd3 14. Qxd3 fxe5 15. dxe5
Nc5 16. Qe2 dxc4 17. Red1 Qc7 18. Qxc4 b5 19. Qe2 Rad8 20. b4 Nd7 21. Ne4 Nf7
22. Nd4 Ndxe5 23. Nxe6 Rxd1+ 24. Rxd1 Qc8 25. Nxg7 Kxg7 26. f4 Bxb4 27. fxe5
Nxe5 28. Qh5 Qe6 29. Bxe5+ Qxe5 30. Rd7+ 1-0

[Event "4NCL 2012-13"]
[Site "Hinckley ENG"]
[Date "2013.05.05"]
[Round "10.184"]
[White "Thompson, Ian D"]
[Black "Ledger, Andrew J"]
[Result "1/2-1/2"]
[WhiteTitle "FM"]
[BlackTitle "IM"]
[WhiteElo "2250"]
[BlackElo "2402"]
[WhiteTeam "BCM"]
[BlackTeam "Blackthorne Russia"]
[WhiteFideId "405205"]
[BlackFideId "400610"]
[EventDate "2012.11.03"]

1. c4 c5 2. Nc3 Nc6 3. g3 g6 4. Bg2 Bg7 5. Nf3 d6 6. O-O e6 7. e3 Nge7 8. d4 O-O
9. b3 a6 10. Bb2 Qc7 11. Qd2 cxd4 12. exd4 d5 13. cxd5 exd5 14. Rfe1 Bg4 15. Ne5
Be6 16. Nxc6 bxc6 17. Na4 Nf5 18. Nc5 Bc8 19. Rac1 Qd6 20. Rcd1 a5 21. Bc3 h5
22. f4 Qc7 23. Qf2 Nd6 24. Rc1 Bf5 1/2-1/2

[Event "4NCL 2012-13"]
[Site "Hinckley ENG"]
[Date "2013.05.05"]
[Round "10.185"]
[White "Bates, Richard A"]
[Black "Coates, Kenneth G"]
[Result "1-0"]
[WhiteTitle "IM"]
[WhiteElo "2370"]
[BlackElo "2184"]
[WhiteTeam "Blackthorne Russia"]
[BlackTeam "BCM"]
[WhiteFideId "403555"]
[BlackFideId "409391"]
[EventDate "2012.11.03"]

1. d4 d5 2. c4 c6 3. Nf3 Nf6 4. Qb3 e6 5. Bg5 Nbd7 6. Nbd2 Qa5 7. Bxf6 Nxf6 8.
e3 Bd6 9. Bd3 Ne4 10. c5 Nxd2 11. Nxd2 Be7 12. Qc2 h6 13. O-O e5 14. Rae1 O-O
15. e4 Be6 16. Nb3 Qc7 17. exd5 Bxd5 18. dxe5 Rad8 19. Bc4 a5 20. a4 b6 21. cxb6
Qxb6 22. Re3 Bg5 23. Rc3 Rfe8 24. Bxd5 cxd5 25. Rc5 d4 26. Qd3 Bf4 27. Rb5 Qc7
28. g3 Bxe5 29. Nxa5 h5 30. Qf3 Rb8 31. Nc6 Rxb5 32. axb5 h4 33. Re1 h3 34. b6
Qb7 35. Rxe5 1-0

[Event "4NCL 2012-13"]
[Site "Hinckley ENG"]
[Date "2013.05.05"]
[Round "10.186"]
[White "Tavares, Shawn P"]
[Black "Duncan, Chris R"]
[Result "0-1"]
[BlackTitle "FM"]
[WhiteElo "2168"]
[BlackElo "2294"]
[WhiteTeam "BCM"]
[BlackTeam "Blackthorne Russia"]
[WhiteFideId "7700016"]
[BlackFideId "403091"]
[EventDate "2012.11.03"]

1. d4 d5 2. Nf3 Nf6 3. c4 c6 4. e3 Bf5 5. cxd5 cxd5 6. Qb3 Qc7 7. Bd2 Nc6 8. Bb5
e6 9. O-O Bd6 10. Bb4 O-O 11. Bxc6 bxc6 12. Rc1 Nd7 13. Qa3 Bxb4 14. Qxb4 a5 15.
Qa3 Rfc8 16. Nbd2 a4 17. Rc3 h6 18. Rac1 Qb7 19. Qd6 Ra6 20. Qe7 Ra7 21. b4 axb3
22. axb3 Bg6 23. h3 Qb8 24. Qh4 f6 25. e4 dxe4 26. Nxe4 Nb6 27. Nxf6+ gxf6 28.
Qxf6 Bf5 29. Ne5 Nd5 30. Rg3+ Kh7 31. Qh4 Qd6 32. Rg5 Qe7 33. Nf3 Ra3 34. Rh5
Qxh4 35. Nxh4 Nf4 0-1

[Event "4NCL 2012-13"]
[Site "Hinckley ENG"]
[Date "2013.05.05"]
[Round "10.187"]
[White "Eames, Robert S"]
[Black "Purdon, Colin"]
[Result "1-0"]
[WhiteTitle "FM"]
[WhiteElo "2263"]
[BlackElo "2099"]
[WhiteTeam "Blackthorne Russia"]
[BlackTeam "BCM"]
[WhiteFideId "408743"]
[BlackFideId "408581"]
[EventDate "2012.11.03"]

1. d4 d5 2. c4 c6 3. Nf3 Nf6 4. Nc3 dxc4 5. a4 Bf5 6. Ne5 Na6 7. e3 Nb4 8. Bxc4
e6 9. O-O Bd6 10. Qe2 h6 11. e4 Bh7 12. Bf4 O-O 13. Bg3 Qe7 14. Rad1 c5 15. dxc5
Bxc5 16. Kh1 Rad8 17. f4 Nc6 18. Bh4 Rxd1 19. Rxd1 Nd4 20. Qe1 Qc7 21. b4 Nc2
22. Qg3 Be7 23. Nb5 Rd8 24. Rc1 Qb6 25. Bxf6 Bxf6 26. Ng4 Be7 27. f5 Bg5 28. Rf1
exf5 29. Ne5 f4 30. Qb3 Bxe4 31. Nxf7 Kh7 32. Qh3 Bf6 33. Nxd8 Qxd8 34. Qe6 Bg6
35. Nd6 Nd4 36. Qd5 Qe7 37. Qg8# 1-0

[Event "4NCL 2012-13"]
[Site "Hinckley ENG"]
[Date "2013.05.05"]
[Round "10.188"]
[White "Yurenok, Maria S"]
[Black "Ledger, Dave J"]
[Result "0-1"]
[WhiteTitle "WFM"]
[BlackTitle "FM"]
[WhiteElo "2041"]
[BlackElo "2268"]
[WhiteTeam "BCM"]
[BlackTeam "Blackthorne Russia"]
[WhiteFideId "409359"]
[BlackFideId "401986"]
[EventDate "2012.11.03"]

1. d4 Nf6 2. c4 g6 3. Nc3 Bg7 4. e4 d6 5. f3 O-O 6. Nge2 Nc6 7. Be3 a6 8. Qd2
Na5 9. Nc1 Nd7 10. Bh6 c5 11. Bxg7 Kxg7 12. Be2 Nc6 13. dxc5 dxc5 14. Nb3 e6 15.
O-O e5 16. Nd5 a5 17. a4 b6 18. Rad1 Nd4 19. Nxd4 cxd4 20. f4 f6 21. fxe5 fxe5
22. Rxf8 Nxf8 23. Rf1 Be6 24. Bd1 Nd7 25. Qf2 Bxd5 26. exd5 Qe7 27. Bf3 Rf8 28.
Qe2 Nc5 29. Re1 d3 30. Qe3 Qf6 31. Bd1 e4 32. h3 Qxb2 33. Rf1 Rxf1+ 34. Kxf1 Qa1
35. Ke1 Qc3+ 36. Kf2 Qxc4 37. d6 Qd5 38. Qf4 Qd4+ 39. Kf1 Qf6 40. g3 e3 41.
Qxf6+ Kxf6 42. Bg4 Nxa4 43. h4 Nc3 0-1

[Event "4NCL 2012-13"]
[Site "Hinckley ENG"]
[Date "2013.05.06"]
[Round "11.112"]
[White "Adams, Michael"]
[Black "Fressinet, Laurent"]
[Result "1-0"]
[WhiteTitle "GM"]
[BlackTitle "GM"]
[WhiteElo "2710"]
[BlackElo "2693"]
[WhiteTeam "Wood Green, Hilsmark Kingfisher"]
[BlackTeam "Guildford 1"]
[WhiteFideId "400041"]
[BlackFideId "608742"]
[EventDate "2012.11.03"]

1. e4 e5 2. Nf3 Nc6 3. Nc3 Nf6 4. d4 exd4 5. Nxd4 Bb4 6. Nxc6 bxc6 7. Bd3 d5 8.
exd5 cxd5 9. O-O O-O 10. h3 Re8 11. Qf3 Rb8 12. Bg5 Bb7 13. Nb5 Be7 14. Rae1 d4
15. Qf5 Ne4 16. Bxe4 g6 17. Bxe7 Rxe7 18. Qc5 Rxe4 19. b3 Rh4 20. Qxc7 Rh5 21.
Qxd8+ Rxd8 22. a4 Ba6 23. Re7 Bxb5 24. axb5 Rxb5 25. Rxa7 Rc8 26. Ra2 d3 27.
cxd3 Rxb3 28. Rd1 Rd8 29. d4 Rd5 30. g3 h5 31. h4 Kg7 32. Kg2 Kf6 33. Rc2 Rb4
34. Rcd2 Kf5 35. Rd3 Kf6 36. R1d2 Ke7 37. Kf3 Rf5+ 38. Ke4 Kd6 39. Ra3 Re5+ 40.
Kd3 Reb5 41. Ra7 Rb7 42. Rxb7 Rxb7 43. Ke4 Re7+ 44. Kf4 f6 45. Ra2 Kd5 46. Ra6
Rf7 47. Ke3 Re7+ 48. Kd3 Rf7 49. f3 Rf8 50. Ke3 Re8+ 51. Kf4 Rf8 52. Ra7 Kxd4
53. Rd7+ Kc4 54. Rg7 g5+ 55. hxg5 fxg5+ 56. Kxg5 Rxf3 57. Kxh5 Kd5 58. g4 Ke6
59. g5 Rh3+ 60. Kg6 Rh8 61. Ra7 Rh1 62. Kg7 Rg1 63. g6 Rg2 64. Rf7 Rg1 65. Rf2
Ra1 66. Kg8 Ke7 67. g7 Rh1 68. Rf7+ Ke8 69. Rf4 1-0

[Event "4NCL 2012-13"]
[Site "Hinckley ENG"]
[Date "2013.05.06"]
[Round "11.113"]
[White "Edouard, Romain"]
[Black "McShane, Luke J"]
[Result "1/2-1/2"]
[WhiteTitle "GM"]
[BlackTitle "GM"]
[WhiteElo "2688"]
[BlackElo "2713"]
[WhiteTeam "Guildford"]
[BlackTeam "Wood Green, Hilsmark Kingfisher"]
[WhiteFideId "633429"]
[BlackFideId "404853"]
[EventDate "2012.11.03"]

1. d4 d5 2. c4 c6 3. Nf3 Nf6 4. Nc3 a6 5. c5 Nbd7 6. Bf4 Nh5 7. Bd2 Nhf6 8. Rc1
g6 9. h3 Qc7 10. g3 Bg7 11. Bg2 O-O 12. Bf4 Qd8 13. O-O Nh5 14. Bd2 f5 15. Qb3
Kh8 16. Ng5 Ndf6 17. Na4 Ne4 18. Nxe4 fxe4 19. Nb6 Rb8 20. Qe3 e5 21. Bc3 exd4
22. Bxd4 Be6 23. f4 exf3 24. Rxf3 Rxf3 25. exf3 Bxd4 26. Qxd4+ Qf6 27. Qxf6+
Nxf6 28. Re1 Re8 29. Kf2 Kg7 30. g4 Kf7 31. Kg3 g5 32. f4 gxf4+ 33. Kxf4 h6 34.
Bf3 Nh7 35. Bg2 Nf8 36. Bf1 Ng6+ 37. Kg3 Kf6 38. h4 Rg8 39. g5+ hxg5 40. hxg5+
Kf7 41. Nc4 dxc4 42. Rxe6 Kxe6 43. Bxc4+ Kf5 1/2-1/2

[Event "4NCL 2012-13"]
[Site "Hinckley ENG"]
[Date "2013.05.06"]
[Round "11.114"]
[White "Ivanchuk, Vassily"]
[Black "Sadler, Matthew D"]
[Result "1/2-1/2"]
[WhiteTitle "GM"]
[BlackTitle "GM"]
[WhiteElo "2755"]
[BlackElo "2639"]
[WhiteTeam "Wood Green, Hilsmark Kingfisher 1"]
[BlackTeam "Guildford 1"]
[WhiteFideId "14100010"]
[BlackFideId "400173"]
[EventDate "2012.11.03"]

1. Nf3 e6 2. c4 f5 3. g3 Nf6 4. Bg2 Be7 5. O-O O-O 6. b3 d6 7. d4 Ne4 8. Nfd2 d5
9. Ba3 Nc6 10. e3 Bd7 11. f3 Nf6 12. Qe2 Be8 13. Bxe7 Qxe7 14. Nc3 Bh5 15. Rac1
Rad8 16. cxd5 exd5 17. Rfe1 Rd6 18. Qb5 Rb8 19. Qc5 a6 20. Na4 b6 21. Qc3 a5 22.
Nb2 Nb4 23. Qxc7 Qxc7 24. Rxc7 Ne8 25. Rcc1 Nxa2 26. Rc2 Nb4 27. Rc3 Na2 28. Rc2 1/2-1/2

[Event "4NCL 2012-13"]
[Site "Hinckley ENG"]
[Date "2013.05.06"]
[Round "11.115"]
[White "Short, Nigel D"]
[Black "Howell, David W L"]
[Result "1/2-1/2"]
[WhiteTitle "GM"]
[BlackTitle "GM"]
[WhiteElo "2692"]
[BlackElo "2634"]
[WhiteTeam "Guildford"]
[BlackTeam "Wood Green, Hilsmark Kingfisher"]
[WhiteFideId "400025"]
[BlackFideId "410608"]
[EventDate "2012.11.03"]

1. c4 c6 2. Nf3 d5 3. e3 Nf6 4. b3 Bf5 5. Bb2 e6 6. Nc3 h6 7. d4 Ne4 8. a3 Nd7
9. Bd3 Ndf6 10. O-O Bd6 11. Ne2 O-O 12. cxd5 cxd5 13. Ne5 Nd7 14. f3 Nef6 15.
Bxf5 exf5 16. Nf4 Re8 17. Nfd3 Qb6 18. Rc1 Rac8 19. Rxc8 Rxc8 20. Rf2 Qc7 21. a4
Nf8 22. h3 h5 23. b4 Ne6 24. Rd2 Nd7 25. a5 Nxe5 26. dxe5 Be7 27. f4 h4 28. Kh2
Qc4 29. Ba1 Qe4 30. Qf3 a6 31. Bb2 Qc4 32. Rd1 Qb3 33. Bd4 Rc2 34. Bc5 Bxc5 35.
Nxc5 Nxc5 36. bxc5 Rxc5 37. e6 fxe6 38. Qh5 Qa4 39. Rb1 Rc7 40. Rb6 Qd7 41. Qxh4
Rc6 42. Rb2 Rc7 43. Qg5 Qe8 44. Rb6 Rd7 45. Kg3 Kf8 46. Kh4 Rf7 47. Qh5 Kg8 48.
Kg3 Qe7 49. Kh2 Rf6 50. Qd1 Rg6 51. Kh1 Kh7 52. Qh5+ Rh6 53. Qd1 Qc7 54. Qd2 Rg6
55. Qf2 Qe7 56. Qe2 Qc7 57. Qf2 Kg8 58. Qb2 Qc5 59. Qd2 Qc7 60. Qb2 Kh8 61. Qf2
Kh7 62. Qh4+ Rh6 63. Qg3 Kg8 64. Qf2 Qc3 65. Rxb7 Qxa5 66. Qg3 Qc3 67. Ra7 a5
68. Kh2 Kh7 69. Qg5 a4 70. Qe7 Rg6 71. Qh4+ Rh6 72. Qe7 a3 73. Qxa3 Qe1 74.
Rxg7+ 1/2-1/2

[Event "4NCL 2012-13"]
[Site "Hinckley ENG"]
[Date "2013.05.06"]
[Round "11.116"]
[White "Rowson, Jonathan"]
[Black "Hebden, Mark L"]
[Result "1/2-1/2"]
[WhiteTitle "GM"]
[BlackTitle "GM"]
[WhiteElo "2586"]
[BlackElo "2540"]
[WhiteTeam "Wood Green, Hilsmark Kingfisher"]
[BlackTeam "Guildford"]
[WhiteFideId "2400561"]
[BlackFideId "400084"]
[EventDate "2012.11.03"]

1. d4 Nf6 2. c4 g6 3. f3 Bg7 4. e4 d6 5. Ne2 O-O 6. Be3 c5 7. Qd2 Nc6 8. d5 Na5
9. Nec3 a6 10. Bh6 b5 11. Bxg7 Kxg7 12. Qg5 bxc4 13. Na3 Nd7 14. h4 Ne5 15. h5
f6 16. Qe3 g5 17. h6+ Kh8 18. O-O-O Rb8 19. g3 Qb6 20. Rd2 g4 21. f4 Nf3 22. Rf2
Qb4 23. Bg2 Nd4 24. Rd1 Bd7 25. Bf1 Rb7 26. Rxd4 cxd4 27. Qxd4 Qb6 28. Qxb6 Rxb6
29. f5 Rfb8 30. Rd2 Bb5 31. Nc2 Nb7 32. Ne3 Nc5 33. Be2 Bd7 34. Bxc4 a5 35. a3
a4 36. Kb1 Bc8 37. Nxg4 Ba6 38. Bxa6 Rxa6 39. Nf2 Rab6 40. g4 Nb3 1/2-1/2

[Event "4NCL 2012-13"]
[Site "Hinckley ENG"]
[Date "2013.05.06"]
[Round "11.117"]
[White "Van Kampen, Robin"]
[Black "Cramling, Pia"]
[Result "1-0"]
[WhiteTitle "GM"]
[BlackTitle "GM"]
[WhiteElo "2574"]
[BlackElo "2516"]
[WhiteTeam "Guildford"]
[BlackTeam "Wood Green, Hilsmark Kingfisher"]
[WhiteFideId "1020854"]
[BlackFideId "1700030"]
[EventDate "2012.11.03"]

1. e4 c5 2. Nf3 e6 3. d4 cxd4 4. Nxd4 Nc6 5. Nc3 a6 6. Nxc6 bxc6 7. Bd3 d5 8.
O-O Nf6 9. Qf3 Be7 10. Qg3 g6 11. Bh6 Bf8 12. Bxf8 Kxf8 13. Rad1 Kg7 14. Rfe1
Ra7 15. Na4 Qa5 16. b3 Rd8 17. e5 Nd7 18. Qh4 Re8 19. c4 Qb4 20. Re3 Qe7 21. Qf4
a5 22. h4 Rb7 23. h5 Rb4 24. hxg6 fxg6 25. Rh3 Kg8 26. Re1 Qg7 27. Qg5 Qe7 28.
Qg3 Qg7 29. Re3 Ba6 30. cxd5 Bxd3 31. dxc6 Nb8 32. Rxd3 Nxc6 33. Re3 Rf8 34. Nc5
Nd4 35. Re1 Rf5 36. Ne4 h5 37. Nf6+ Kh8 38. Qc3 Rxf6 39. exf6 Qxf6 40. Qc8+ Kh7
41. Qc7+ 1-0

[Event "4NCL 2012-13"]
[Site "Hinckley ENG"]
[Date "2013.05.06"]
[Round "11.118"]
[White "Pert, Nicholas"]
[Black "Stefanova, Antoaneta"]
[Result "1/2-1/2"]
[WhiteTitle "GM"]
[BlackTitle "GM"]
[WhiteElo "2557"]
[BlackElo "2491"]
[WhiteTeam "Wood Green, Hilsmark Kingfisher"]
[BlackTeam "Guildford"]
[WhiteFideId "403989"]
[BlackFideId "2902257"]
[EventDate "2012.11.03"]

1. d4 d5 2. c4 c6 3. cxd5 cxd5 4. Nc3 Nf6 5. Bf4 Nc6 6. Nf3 Bf5 7. Qb3 Na5 8.
Qa4+ Bd7 9. Qc2 Rc8 10. e3 b5 11. a3 e6 12. Bd3 Be7 13. O-O O-O 14. Ne5 Be8 15.
Rac1 a6 16. Qe2 Nd7 17. Rfd1 Nb6 18. b4 Nac4 19. Qa2 f5 20. Bg3 Ra8 21. Bxc4
bxc4 22. f3 Na4 23. Qb1 Nxc3 24. Rxc3 Ba4 25. Rd2 Bd6 26. Rb2 Qe7 27. Qe1 Rab8
28. Rb1 Rb6 29. e4 fxe4 30. fxe4 Qb7 31. exd5 exd5 32. Rbc1 Bb8 33. Re3 a5 34.
bxa5 Rb3 35. Nf3 Bxg3 36. hxg3 Rxe3 37. Qxe3 Re8 38. Ne5 Qb3 39. Rc3 Qd1+ 40.
Kh2 Qh5+ 41. Kg1 Qd1+ 42. Kh2 Qh5+ 1/2-1/2

[Event "4NCL 2012-13"]
[Site "Hinckley ENG"]
[Date "2013.05.06"]
[Round "11.121"]
[White "Cox, John J"]
[Black "Haslinger, Stewart G"]
[Result "0-1"]
[WhiteTitle "IM"]
[BlackTitle "GM"]
[WhiteElo "2396"]
[BlackElo "2535"]
[WhiteTeam "Barbican 4NCL"]
[BlackTeam "Cheddleton"]
[WhiteFideId "401064"]
[BlackFideId "405248"]
[EventDate "2012.11.03"]

1. c4 e6 2. g3 d5 3. Nf3 Nf6 4. Bg2 dxc4 5. Qa4+ Nbd7 6. Qxc4 c5 7. O-O b6 8. d4
Bb7 9. dxc5 Bxc5 10. Nc3 Rc8 11. Qa4 Bc6 12. Qb3 O-O 13. Bf4 Qe8 14. Ne1 e5 15.
Bxc6 Rxc6 16. Bg5 Bd4 17. Bxf6 Nc5 18. Qc2 Rxf6 19. Nd3 Rc6 20. Nb4 Rh6 21. Nbd5
f5 22. e3 Bxc3 23. Nxc3 f4 24. f3 fxg3 25. hxg3 Qh5 26. Qg2 Rg6 27. Nd5 Rf7 28.
Rac1 h6 29. Rc4 Rd7 30. e4 Ne6 31. Ne3 Nf4 32. gxf4 Rxg2+ 33. Nxg2 Rd2 34. Rf2
Rd1+ 35. Rf1 Rxf1+ 0-1

[Event "4NCL 2012-13"]
[Site "Hinckley ENG"]
[Date "2013.05.06"]
[Round "11.122"]
[White "Colovic, Aleksandar"]
[Black "Chapman, Terry P D"]
[Result "1/2-1/2"]
[WhiteTitle "IM"]
[WhiteElo "2447"]
[BlackElo "2279"]
[WhiteTeam "Cheddleton"]
[BlackTeam "Barbican 4NCL"]
[WhiteFideId "15000729"]
[BlackFideId "413399"]
[EventDate "2012.11.03"]

1. d4 Nf6 2. c4 c5 3. d5 b5 4. Qc2 bxc4 5. e4 e6 6. Bxc4 exd5 7. exd5 Qe7+ 8.
Ne2 Qe4 9. Qb3 Ba6 10. Bxa6 Nxa6 11. Nc3 Qb4 12. Qd1 Bd6 13. Qd3 Nc7 14. Bg5
O-O-O 15. Bxf6 gxf6 16. O-O Rde8 17. Rfd1 h5 18. Ng3 Bxg3 19. hxg3 Rhg8 20. Qf3
Qg4 21. Qxg4 Rxg4 22. d6 Na6 23. f3 Rb4 24. Rd2 Re6 25. Rc1 Kb7 26. Ne4 Kb6 27.
Rcc2 h4 28. Rd5 Rbxe4 29. fxe4 Nb4 30. Rcxc5 Nxd5 31. Rxd5 Rxe4 32. Kf2 Kc6 33.
Ra5 Kb6 34. Rf5 Rd4 35. Rxf6 Rd2+ 36. Kf3 Rxb2 37. Rxf7 Kc6 38. Rh7 Rxa2 39.
Rxh4 Ra3+ 40. Kf2 Ra2+ 41. Kf3 Ra3+ 42. Ke2 Ra2+ 43. Kf3 Ra3+ 1/2-1/2

[Event "4NCL 2012-13"]
[Site "Hinckley ENG"]
[Date "2013.05.06"]
[Round "11.123"]
[White "Morrison, Graham SCO"]
[Black "Arkell, Keith C"]
[Result "1/2-1/2"]
[WhiteTitle "FM"]
[BlackTitle "GM"]
[WhiteElo "2352"]
[BlackElo "2462"]
[WhiteTeam "Barbican 4NCL"]
[BlackTeam "Cheddleton"]
[WhiteFideId "2400090"]
[BlackFideId "400270"]
[EventDate "2012.11.03"]

1. d4 e6 2. c4 Bb4+ 3. Bd2 Qe7 4. Nf3 Nf6 5. g3 Nc6 6. Nc3 Bxc3 7. Bxc3 Ne4 8.
Rc1 O-O 9. Bg2 d6 10. d5 Nxc3 11. Rxc3 Nd8 12. O-O e5 13. c5 dxc5 14. Qc2 b6 15.
Re3 f6 16. Nxe5 fxe5 17. d6 Qxd6 18. Bxa8 c6 19. Rd1 Qb8 20. Rxd8 Rxd8 21. Bxc6
Qc7 22. Be4 g6 23. Rc3 Rd6 24. b4 Qd7 25. Rd3 Rxd3 26. Bxd3 cxb4 27. Qb3+ Kg7
28. Qxb4 Bb7 29. h4 Qc7 30. Be4 a5 31. Qb1 Bxe4 32. Qxe4 b5 33. Qd5 b4 34. Qb5
Kf7 35. e4 Ke7 36. Kg2 Ke6 37. Qa6+ Kd7 38. Qb5+ Kc8 39. Kg1 Kd8 40. Kg2 Ke7 41.
Kg1 Kf6 42. Qa6+ Kg7 43. Qb5 1/2-1/2

[Event "4NCL 2012-13"]
[Site "Hinckley ENG"]
[Date "2013.05.06"]
[Round "11.124"]
[White "Hamitevici, Vladimir"]
[Black "Knott, Simon J B"]
[Result "1-0"]
[WhiteTitle "IM"]
[BlackTitle "IM"]
[WhiteElo "2440"]
[BlackElo "2325"]
[WhiteTeam "Cheddleton"]
[BlackTeam "Barbican 4NCL"]
[WhiteFideId "13902393"]
[BlackFideId "400645"]
[EventDate "2012.11.03"]

1. Nf3 Nf6 2. c4 g6 3. Nc3 d5 4. cxd5 Nxd5 5. Qc2 Nc6 6. d4 e5 7. dxe5 Nxc3 8.
bxc3 Bg7 9. Ba3 Qd5 10. Qa4 Bd7 11. Rd1 Nxe5 12. Nxe5 Bxe5 13. Qb4 Qe6 14. e3 c5
15. Qc4 b6 16. Bb2 Bc6 17. Qxe6+ fxe6 18. f4 Bf6 19. Rd6 Bd5 20. Bb5+ Kf8 21. c4
Bxb2 22. cxd5 exd5 23. Rxd5 a6 24. Bd3 Ke7 25. Ke2 Ba3 26. Rb1 b5 27. Rb3 Bb4
28. a3 Ba5 29. Rxc5 Rac8 30. Re5+ Kf6 31. a4 Bc3 32. Re4 b4 33. Bxa6 Ra8 34. Bb5
Rhd8 35. Kf3 Rd2 36. h3 h5 37. g4 h4 38. g5+ Kg7 39. Re7+ Kh8 40. f5 gxf5 41. g6
Rc8 42. Bd7 Rxd7 43. Rxd7 Rc6 44. Rh7+ Kg8 45. Rxh4 Rxg6 46. Rbxb4 Bxb4 47. Rxb4 1-0

[Event "4NCL 2012-13"]
[Site "Hinckley ENG"]
[Date "2013.05.06"]
[Round "11.125"]
[White "Buchicchio, Giampaolo"]
[Black "Paehtz, Elisabeth"]
[Result "1-0"]
[WhiteTitle "FM"]
[BlackTitle "IM"]
[WhiteElo "2306"]
[BlackElo "2482"]
[WhiteTeam "Barbican 4NCL"]
[BlackTeam "Cheddleton"]
[WhiteFideId "811491"]
[BlackFideId "4641833"]
[EventDate "2012.11.03"]

1. e4 c5 2. c3 g6 3. d4 cxd4 4. cxd4 d5 5. e5 Nc6 6. Nc3 Bg7 7. h3 f6 8. f4 Nh6
9. g4 fxe5 10. dxe5 e6 11. Nf3 Nf7 12. g5 O-O 13. Bg2 b5 14. O-O Qb6+ 15. Kh2
Ba6 16. h4 b4 17. Na4 Qa5 18. Re1 Rac8 19. Bd2 Bd3 20. a3 Bf5 21. axb4 Qb5 22.
Bc3 Qb8 23. Nc5 Rfd8 24. Na6 Qb7 25. Nd4 Nxd4 26. Qxd4 Nd6 27. Nc5 Qf7 28. Bf1
Bg4 29. Qg1 h5 30. exd6 Rxd6 31. Bxg7 Qxg7 32. Nd3 Rc2+ 33. Kg3 d4 34. Rec1 Rd2
35. Qh1 Rd8 36. Ra3 Rf8 37. Qe4 Bf5 38. Qe1 Rxd3+ 39. Bxd3 Qf7 40. Qe5 1-0

[Event "4NCL 2012-13"]
[Site "Hinckley ENG"]
[Date "2013.05.06"]
[Round "11.126"]
[White "Eggleston, David J"]
[Black "Berry, Neil"]
[Result "1/2-1/2"]
[WhiteTitle "FM"]
[BlackTitle "FM"]
[WhiteElo "2337"]
[BlackElo "2247"]
[WhiteTeam "Cheddleton"]
[BlackTeam "Barbican 4NCL"]
[WhiteFideId "412120"]
[BlackFideId "2400650"]
[EventDate "2012.11.03"]

1. e4 e5 2. Nf3 Nc6 3. Bc4 Bc5 4. c3 Nf6 5. d3 a6 6. Bb3 Ba7 7. O-O d6 8. h3 O-O
9. Re1 h6 10. Nbd2 Re8 11. Nf1 Be6 12. Be3 Bxb3 13. axb3 d5 14. Bxa7 Rxa7 15.
Qe2 Ra8 16. N3d2 Qd7 17. Ng3 Rad8 18. Qf3 dxe4 19. dxe4 Qe6 20. Nf5 Ne7 21. c4
h5 22. Nf1 g6 23. Nxe7+ Qxe7 24. Ne3 c6 25. c5 Rd4 26. Nc4 Red8 27. Rac1 Ne8 28.
b4 Qg5 29. Rc3 R8d7 30. Qe2 Nc7 31. Rg3 Qf4 32. Rf3 Qg5 33. h4 Qxh4 34. Nxe5 Re7
35. Qe3 Nb5 36. g3 Qh3 37. Qg5 Qe6 38. Nxg6 fxg6 39. Rf6 Qe5 40. Rxg6+ Kf7 41.
Qh6 Rxe4 42. Rxe4 Qxe4 43. Rf6+ Ke8 44. Qh8+ Kd7 45. Qb8 Qe1+ 46. Kh2 Qe5 47.
Qxb7+ Qc7 48. Qxa6 h4 49. Rg6 hxg3+ 50. fxg3 Re6 51. Rg7+ Re7 52. Rg6 Re6 53.
Rg7+ Re7 54. Rg6 Re8 1/2-1/2

[Event "4NCL 2012-13"]
[Site "Hinckley ENG"]
[Date "2013.05.06"]
[Round "11.127"]
[White "Coleman, David J"]
[Black "Bellin, Robert"]
[Result "1/2-1/2"]
[WhiteTitle "CM"]
[BlackTitle "IM"]
[WhiteElo "2268"]
[BlackElo "2355"]
[WhiteTeam "Barbican 4NCL"]
[BlackTeam "Cheddleton"]
[WhiteFideId "402087"]
[BlackFideId "400343"]
[EventDate "2012.11.03"]

1. e4 c5 2. Nf3 Nc6 3. d4 cxd4 4. Nxd4 g6 5. Nc3 Bg7 6. Be3 Nf6 7. Bc4 O-O 8.
Bb3 d6 9. f3 Na5 10. h4 a6 11. Qd2 e5 12. Nde2 Nxb3 13. axb3 Be6 14. O-O-O Qa5
15. Kb1 Rfd8 16. Bg5 Rd7 17. g4 Rad8 18. Bxf6 Bxf6 19. g5 Bg7 20. Nd5 Qxd2 1/2-1/2

[Event "4NCL 2012-13"]
[Site "Hinckley ENG"]
[Date "2013.05.06"]
[Round "11.128"]
[White "Steil-Antoni, Fiona"]
[Black "Bhatia, Kanwal K"]
[Result "1-0"]
[WhiteTitle "WIM"]
[BlackTitle "WFM"]
[WhiteElo "2169"]
[BlackElo "2057"]
[WhiteTeam "Cheddleton"]
[BlackTeam "Barbican 4NCL"]
[WhiteFideId "4001249"]
[BlackFideId "407496"]
[EventDate "2012.11.03"]

1. e4 e5 2. Nf3 Nc6 3. d4 exd4 4. Nxd4 Bc5 5. Be3 Qf6 6. Nb5 Bxe3 7. fxe3 Qh4+
8. g3 Qxe4 9. Nxc7+ Kd8 10. Nxa8 Qxe3+ 11. Be2 Nd4 12. Rf1 Nxe2 13. Qxe2 Qc1+
14. Kf2 Qxb2 15. Re1 Qf6+ 16. Kg1 Nh6 17. Nc3 Qd4+ 18. Qe3 Qxe3+ 19. Rxe3 b6 20.
Nd5 Bb7 21. Nac7 Nf5 22. Re5 Nd4 23. Kf2 f6 24. Re4 Ne6 25. Nxe6+ dxe6 26. Rxe6 1-0